[Event "15. Obert Int. Sant Martí 2013 - B"]
[Site "Barcelona ESP"]
[Date "2013.07.13"]
[Round "1.47"]
[White "Gonzalez Jurado, Jesus"]
[Black "Guinjoan Fradera, Joan"]
[Result "1/2-1/2"]
[WhiteElo "1844"]
[BlackElo "1547"]
[PlyCount "56"]
[EventDate "2013.07.13"]
[EventType "swiss"]
[EventRounds "9"]
[EventCountry "ESP"]
[SourceTitle "Ajedrez en Madrid"]
[Source "lmi"]
[SourceDate "2013.07.13"]
[SourceVersion "1"]
[SourceVersionDate "2019.06.21"]
[SourceQuality "1"]

1. c4 c5 2. Nc3 Nc6 3. Nf3 e6 4. d4 cxd4 5. Nxd4 Bb4 6. e3 Nf6 7. Bd2 O-O 8.
Be2 a5 9. O-O Nxd4 10. exd4 d5 11. c5 Bxc3 12. Bxc3 b6 13. b4 Ne4 14. Be1 axb4
15. Bxb4 bxc5 16. dxc5 Ba6 17. f3 Bxe2 18. Qxe2 Nf6 19. a3 Re8 20. Rfd1 Qd7 21.
Rac1 Qc6 22. Qe5 Red8 23. Rd4 h6 24. g4 Nh7 25. h4 f6 26. Qe1 e5 27. Rdd1 d4
28. Qe4 Rdc8 1/2-1/2

[Event "15. Obert Int. Sant Martí 2013 - B"]
[Site "Barcelona ESP"]
[Date "2013.07.13"]
[Round "1.48"]
[White "Boixader Arbo, Xavier"]
[Black "Perez Garcia, Francisco Jose"]
[Result "1-0"]
[WhiteElo "1546"]
[BlackElo "1840"]
[PlyCount "39"]
[EventDate "2013.07.13"]
[EventType "swiss"]
[EventRounds "9"]
[EventCountry "ESP"]
[SourceTitle "Ajedrez en Madrid"]
[Source "lmi"]
[SourceDate "2013.07.13"]
[SourceVersion "1"]
[SourceVersionDate "2019.06.21"]
[SourceQuality "1"]

1. e4 c5 2. c3 b6 3. d4 Bb7 4. Nd2 Nf6 5. e5 Nd5 6. Ngf3 e6 7. Bd3 Nf4 8. Be4
Nxg2+ 9. Kf1 Bxe4 10. Nxe4 Nh4 11. Bg5 Be7 12. Nd6+ Kf8 13. Nxh4 Bxg5 14. Qf3
Qe7 15. Qxa8 Qd8 16. Qf3 Qe7 17. Ng2 Nc6 18. dxc5 bxc5 19. Re1 Qd8 20. Qxf7#
1-0

[Event "15. Obert Int. Sant Martí 2013 - B"]
[Site "Barcelona ESP"]
[Date "2013.07.13"]
[Round "1.49"]
[White "Vargas Ramirez, Ana Maria"]
[Black "Alvarez Albiol, Victor"]
[Result "0-1"]
[WhiteElo "1836"]
[BlackElo "1546"]
[PlyCount "105"]
[EventDate "2013.07.13"]
[EventType "swiss"]
[EventRounds "9"]
[EventCountry "ESP"]
[SourceTitle "Ajedrez en Madrid"]
[Source "lmi"]
[SourceDate "2013.07.13"]
[SourceVersion "1"]
[SourceVersionDate "2019.06.21"]
[SourceQuality "1"]

1. e4 c5 2. Nf3 e6 3. d4 cxd4 4. Nxd4 Nc6 5. Nc3 Qc7 6. Ndb5 Qb8 7. g3 a6 8.
Nd4 Nf6 9. a3 Be7 10. Bg2 O-O 11. O-O b5 12. Nxc6 dxc6 13. Qe2 Bb7 14. e5 Nd5
15. Nxd5 cxd5 16. Rd1 Qc7 17. Bf1 Qc6 18. Bg2 Rac8 19. c3 Qc4 20. Qe1 Bc5 21.
Be3 Bxe3 22. Qxe3 Qc5 23. Rd4 f6 24. exf6 Rxf6 25. Bh3 Re8 26. Qe5 Qc6 27. Re1
Bc8 28. Bg2 Ref8 29. f4 Rf5 30. Qe3 Bd7 31. Bh3 R5f6 32. Qe5 Re8 33. Ra1 Qb6
34. g4 Rff8 35. Kf1 Qb8 36. Qxb8 Rxb8 37. Ke2 Rbc8 38. Rad1 Rc4 39. Ke3 Re8 40.
Kd3 Rec8 41. Re1 Kf7 42. g5 g6 43. Rxc4 Rxc4 44. b3 Rxf4 45. Re3 Rf2 46. Kd4
Ra2 47. Kc5 Ke7 48. Bg4 Rxh2 49. Bf3 Rh3 50. Kb6 Rg3 51. Kxa6 Rxg5 52. Be2 h5
53. Bxb5 0-1

[Event "15. Obert Int. Sant Martí 2013 - B"]
[Site "Barcelona ESP"]
[Date "2013.07.13"]
[Round "1.50"]
[White "Ji, Pablo"]
[Black "Vigier Lopez, Carlos"]
[Result "0-1"]
[WhiteElo "1546"]
[BlackElo "1830"]
[PlyCount "116"]
[EventDate "2013.07.13"]
[EventType "swiss"]
[EventRounds "9"]
[EventCountry "ESP"]
[SourceTitle "Ajedrez en Madrid"]
[Source "lmi"]
[SourceDate "2013.07.13"]
[SourceVersion "1"]
[SourceVersionDate "2019.06.21"]
[SourceQuality "1"]

1. e4 Nc6 2. Nf3 d6 3. d4 Nf6 4. Nc3 g6 5. h3 Bg7 6. g4 O-O 7. Be2 Nd7 8. g5 e5
9. d5 Nd4 10. Be3 Nxe2 11. Qxe2 Re8 12. h4 Nf8 13. h5 Bg4 14. hxg6 fxg6 15. Rg1
Bh5 16. Rg3 Re7 17. Kd2 Rf7 18. Rh1 Qd7 19. Rhh3 a6 20. Kc1 b5 21. a3 c5 22.
dxc6 Qxc6 23. Nd5 Ne6 24. Nf6+ Bxf6 25. gxf6 Kf8 26. Bh6+ Ke8 27. Qe3 Bxf3 28.
Qxf3 Nd4 29. Qd3 Rc8 30. c3 Rxf6 31. Be3 Nb3+ 32. Kb1 Nc5 33. Bxc5 Qxc5 34.
Rxh7 Qxf2 35. Rh8+ Kd7 36. Rxc8 Kxc8 37. Ka2 Qf1 38. Qxf1 Rxf1 39. Rxg6 Kd7 40.
Rg2 Rf4 41. Re2 Ke6 42. Kb3 Rh4 43. Kc2 d5 44. exd5+ Kxd5 45. b3 Rh1 46. Rg2
Ra1 47. Kb2 Re1 48. Kc2 Ke4 49. a4 Kf3 50. Rg6 Re2+ 51. Kd1 Rb2 52. axb5 axb5
53. b4 e4 54. Re6 Ke3 55. Kc1 Rh2 56. Re5 Kd3 57. Rxb5 Kxc3 58. Re5 Rh1# 0-1

[Event "15. Obert Int. Sant Martí 2013 - B"]
[Site "Barcelona ESP"]
[Date "2013.07.13"]
[Round "1.52"]
[White "Martinez Torras, Pol"]
[Black "Corominas Garrido, Antonio"]
[Result "0-1"]
[WhiteElo "1530"]
[BlackElo "1807"]
[PlyCount "76"]
[EventDate "2013.07.13"]
[EventType "swiss"]
[EventRounds "9"]
[EventCountry "ESP"]
[SourceTitle "Ajedrez en Madrid"]
[Source "lmi"]
[SourceDate "2013.07.13"]
[SourceVersion "1"]
[SourceVersionDate "2019.06.21"]
[SourceQuality "1"]

1. d4 Nf6 2. c4 e5 3. dxe5 Ng4 4. Nf3 Bc5 5. e3 Nc6 6. Nc3 Ngxe5 7. Nxe5 Nxe5
8. Be2 O-O 9. O-O d6 10. b3 Bd7 11. Bb2 Bc6 12. Nd5 a5 13. e4 Bd7 14. Bd4 Bxd4
15. Qxd4 Be6 16. f4 c5 17. Qd2 Nc6 18. f5 Bxd5 19. exd5 Ne5 20. Rf4 f6 21. h4
Re8 22. g4 b6 23. Kh2 Ra7 24. Rg1 Nf7 25. Bd3 h6 26. Rf2 Rae7 27. Rfg2 Re3 28.
Rg3 Rxg3 29. Rxg3 Qe7 30. Kg2 Qe5 31. Kf2 Qd4+ 32. Kg2 Ne5 33. Qd1 Nxd3 34.
Rxd3 Qe4+ 35. Qf3 Qe1 36. Kh3 Re2 37. a4 Rf2 38. Qe3 Qf1+ 0-1

[Event "15. Obert Int. Sant Martí 2013 - B"]
[Site "Barcelona ESP"]
[Date "2013.07.13"]
[Round "1.53"]
[White "Millan Hernandez, Marc"]
[Black "Olleta Tanya, Jordi"]
[Result "1-0"]
[WhiteElo "1806"]
[BlackElo "1527"]
[PlyCount "57"]
[EventDate "2013.07.13"]
[EventType "swiss"]
[EventRounds "9"]
[EventCountry "ESP"]
[SourceTitle "Ajedrez en Madrid"]
[Source "lmi"]
[SourceDate "2013.07.13"]
[SourceVersion "1"]
[SourceVersionDate "2019.06.21"]
[SourceQuality "1"]

1. e4 e5 2. Nf3 Nc6 3. Bc4 Be7 4. c3 Nf6 5. d3 h6 6. b4 a6 7. Be3 d6 8. Qb3 O-O
9. a4 Bg4 10. Nbd2 Bh5 11. h3 Qd7 12. O-O g5 13. Nh2 Kg7 14. d4 Bg6 15. Bd3 Nh5
16. b5 Nd8 17. Rfe1 Ne6 18. Rad1 Nef4 19. Bf1 d5 20. dxe5 Qe6 21. Bd4 dxe4 22.
Bc4 Nxh3+ 23. gxh3 Qxh3 24. Bf1 Qh4 25. Re3 Nf4 26. Rde1 Bf5 27. Nxe4 Bh3 28.
Ng3 Bxf1 29. Nf5+ 1-0

[Event "15. Obert Int. Sant Martí 2013 - B"]
[Site "Barcelona ESP"]
[Date "2013.07.13"]
[Round "1.54"]
[White "Harutian, Arthur William"]
[Black "Albert Cristobal, Jorge"]
[Result "0-1"]
[WhiteElo "1517"]
[BlackElo "1802"]
[PlyCount "70"]
[EventDate "2013.07.13"]
[EventType "swiss"]
[EventRounds "9"]
[EventCountry "ESP"]
[SourceTitle "Ajedrez en Madrid"]
[Source "lmi"]
[SourceDate "2013.07.13"]
[SourceVersion "1"]
[SourceVersionDate "2019.06.21"]
[SourceQuality "1"]

1. e4 c5 2. Nf3 d6 3. d4 cxd4 4. Nxd4 Nf6 5. Nc3 g6 6. Be2 Bg7 7. O-O O-O 8.
Be3 Bd7 9. f4 Nc6 10. Bf3 a6 11. Nxc6 bxc6 12. g4 Qc8 13. Na4 Rb8 14. Nb6 Qc7
15. Nxd7 Nxd7 16. Bd4 e5 17. fxe5 Nxe5 18. Be2 a5 19. Qd2 Qe7 20. Qxa5 Qg5 21.
Bxe5 Qe3+ 22. Rf2 Bxe5 23. Raf1 Rxb2 24. Bd3 Bd4 25. Kh1 Rb1 26. Rxb1 Qxf2 27.
Rf1 Qh4 28. g5 Be5 29. Qd2 c5 30. Qe2 Qxg5 31. Bc4 Kg7 32. Rg1 Qh4 33. Rg4 Qh5
34. Qg2 Rb8 35. Qf3 Qxh2# 0-1

[Event "15. Obert Int. Sant Martí 2013 - B"]
[Site "Barcelona ESP"]
[Date "2013.07.13"]
[Round "1.55"]
[White "Peiron Lluch, Jose Daniel"]
[Black "Bienvenido Kleque, Jose"]
[Result "1/2-1/2"]
[WhiteElo "1798"]
[BlackElo "1513"]
[PlyCount "72"]
[EventDate "2013.07.13"]
[EventType "swiss"]
[EventRounds "9"]
[EventCountry "ESP"]
[SourceTitle "Ajedrez en Madrid"]
[Source "lmi"]
[SourceDate "2013.07.13"]
[SourceVersion "1"]
[SourceVersionDate "2019.06.21"]
[SourceQuality "1"]

1. d4 Nf6 2. e3 d5 3. Bd3 e6 4. f4 Be7 5. Nf3 O-O 6. O-O b6 7. c3 Bb7 8. Ne5
Nbd7 9. Qf3 Nxe5 10. fxe5 Ne4 11. Qh3 Qd7 12. Nd2 Rad8 13. Rf4 f5 14. exf6 Rxf6
15. Nxe4 dxe4 16. Bc4 Bd5 17. Bb3 Bxb3 18. axb3 Rxf4 19. exf4 a5 20. Be3 Qc6
21. Re1 Bf6 22. g4 Re8 23. g5 Bd8 24. Qg2 g6 25. h4 Qd5 26. c4 Qf5 27. Bd2 Be7
28. Rxe4 Bb4 29. Bxb4 axb4 30. d5 Kf7 31. Qe2 Qh3 32. Re3 Qxh4 33. dxe6+ Ke7
34. Qh2 Qxh2+ 35. Kxh2 Kd6 36. e7 Rxe7 1/2-1/2

[Event "15. Obert Int. Sant Martí 2013 - B"]
[Site "Barcelona ESP"]
[Date "2013.07.13"]
[Round "1.56"]
[White "Baum, Jonasz"]
[Black "Roig Ruiz, Carles"]
[Result "0-1"]
[WhiteElo "1512"]
[BlackElo "1798"]
[PlyCount "184"]
[EventDate "2013.07.13"]
[EventType "swiss"]
[EventRounds "9"]
[EventCountry "ESP"]
[SourceTitle "Ajedrez en Madrid"]
[Source "lmi"]
[SourceDate "2013.07.13"]
[SourceVersion "1"]
[SourceVersionDate "2019.06.21"]
[SourceQuality "1"]

1. e4 e6 2. Nf3 d5 3. Nc3 d4 4. Ne2 c5 5. c3 d3 6. Nf4 Nc6 7. Nxd3 Nf6 8. e5 c4
9. Nf4 Ng4 10. Bxc4 Ngxe5 11. Bb5 Qf6 12. d4 Nxf3+ 13. Qxf3 Bd7 14. O-O g5 15.
Nd3 Qxf3 16. gxf3 f6 17. Re1 Kf7 18. Kh1 a6 19. Ba4 b5 20. Bb3 Na5 21. Bc2 Bc6
22. Bd1 g4 23. Nf4 Bd6 24. b4 Nc4 25. Rxe6 Rhe8 26. Rxe8 Rxe8 27. Be2 Rxe2 28.
Nxe2 Bxf3+ 29. Kg1 Bxe2 30. Be3 Bf3 31. a4 Bc6 32. axb5 Bxb5 33. d5 Ne5 34. Bc5
Nf3+ 35. Kg2 Be5 36. Rc1 Bc4 37. d6 Ke6 38. Rd1 Kd7 39. h3 Be6 40. hxg4 Bxg4
41. Ra1 Bxc3 42. Rxa6 Ne5 43. Ra7+ Kc6 44. Rxh7 Bf3+ 45. Kf1 Bg4 46. Rh6 Nd3
47. Rh4 Be6 48. Re4 Nxc5 49. bxc5 Bd5 50. Re8 Bd4 51. Rc8+ Kd7 52. Rc7+ Kd8 53.
Rh7 Bxc5 54. Ke2 Bxd6 55. Rh6 Ke7 56. Rh7+ Ke6 57. Ke3 Bc5+ 58. Ke2 Ke5 59.
Rh5+ f5 60. Rh8 Kf4 61. Rh4+ Kg5 62. Rh8 Bd4 63. Rd8 Bc4+ 64. Kf3 Bb6 65. Rb8
Bd5+ 66. Ke2 Ba7 67. Rd8 Bc6 68. Rg8+ Kf4 69. Rh8 Bf3+ 70. Kf1 Bd4 71. Rh4+ Bg4
72. Rh2 Kf3 73. Kg1 f4 74. Kf1 Bf5 75. Ke1 Bc3+ 76. Kd1 Bd4 77. Ke1 Bg4 78. Kf1
Be6 79. Ke1 Bc4 80. Rh3+ Kg2 81. Rh7 Bxf2+ 82. Kd2 Be3+ 83. Ke1 f3 84. Rg7+ Kh3
85. Rh7+ Kg4 86. Rg7+ Kf4 87. Rf7+ Bxf7 88. Kd1 f2 89. Kc2 f1=Q 90. Kc3 Qc4+
91. Kb2 Qb3+ 92. Ka1 Qa2# 0-1

[Event "15. Obert Int. Sant Martí 2013 - B"]
[Site "Barcelona ESP"]
[Date "2013.07.13"]
[Round "1.57"]
[White "Benet Saniger, Xavier"]
[Black "Bernat Pascual, Magi"]
[Result "1-0"]
[WhiteElo "1797"]
[BlackElo "1511"]
[PlyCount "43"]
[EventDate "2013.07.13"]
[EventType "swiss"]
[EventRounds "9"]
[EventCountry "ESP"]
[SourceTitle "Ajedrez en Madrid"]
[Source "lmi"]
[SourceDate "2013.07.13"]
[SourceVersion "1"]
[SourceVersionDate "2019.06.21"]
[SourceQuality "1"]

1. d4 d5 2. c4 c6 3. Nc3 Nf6 4. cxd5 cxd5 5. Bg5 e6 6. e3 Bd6 7. Bd3 Nc6 8. Rc1
Bd7 9. Nf3 O-O 10. O-O Rc8 11. e4 dxe4 12. Bxf6 Qxf6 13. Nxe4 Qe7 14. Nxd6 Qxd6
15. Bxh7+ Kxh7 16. Ng5+ Kg8 17. Qh5 Rfe8 18. Qxf7+ Kh8 19. Qh5+ Kg8 20. Qh7+
Kf8 21. Qh8+ Ke7 22. Qxg7+ 1-0

[Event "15. Obert Int. Sant Martí 2013 - B"]
[Site "Barcelona ESP"]
[Date "2013.07.13"]
[Round "1.58"]
[White "Riu Lopez, Sergi"]
[Black "Escofet Llongueras, Joan"]
[Result "1-0"]
[WhiteElo "1503"]
[BlackElo "1793"]
[PlyCount "115"]
[EventDate "2013.07.13"]
[EventType "swiss"]
[EventRounds "9"]
[EventCountry "ESP"]
[SourceTitle "Ajedrez en Madrid"]
[Source "lmi"]
[SourceDate "2013.07.13"]
[SourceVersion "1"]
[SourceVersionDate "2019.06.21"]
[SourceQuality "1"]

1. e4 e6 2. d4 d5 3. e5 c5 4. c3 Nc6 5. Nf3 Qb6 6. a3 Bd7 7. b4 cxd4 8. cxd4 a6
9. Nc3 Rc8 10. Bb2 Na7 11. Rc1 Ne7 12. Be2 Nb5 13. Nxb5 Bxb5 14. Rxc8+ Nxc8 15.
O-O Be7 16. Qd2 Na7 17. Rc1 Bxe2 18. Qxe2 Kd7 19. Qc2 Rc8 20. Qa4+ Qb5 21.
Qxb5+ Nxb5 22. Rxc8 Kxc8 23. Kf1 f6 24. Ke2 Kd7 25. Kd3 Na7 26. g4 Nc8 27. Kc3
b5 28. Nd2 Nb6 29. Nb3 fxe5 30. dxe5 Na4+ 31. Kc2 Bg5 32. Bc1 Be7 33. f4 Nb6
34. Kc3 Nc4 35. Kd4 Kc6 36. h3 Bh4 37. Kd3 Bf2 38. Nd4+ Kd7 39. Nf3 h6 40. Nd2
Be3 41. Nb3 Bf2 42. Ke2 Bg1 43. Kf1 Bb6 44. Ke2 a5 45. bxa5 Nxa5 46. Nxa5 Bxa5
47. Bd2 Bd8 48. Kd3 Kc6 49. f5 Kd7 50. Bb4 Bh4 51. Bf8 Be7 52. Bxg7 exf5 53.
gxf5 Bxa3 54. Bxh6 Bb2 55. Bf4 b4 56. Kc2 Bc3 57. e6+ Ke8 58. Bd2 1-0

[Event "15. Obert Int. Sant Martí 2013 - B"]
[Site "Barcelona ESP"]
[Date "2013.07.13"]
[Round "1.59"]
[White "Roche Peris, Eduard"]
[Black "Martin Palau, Roger"]
[Result "1-0"]
[WhiteElo "1792"]
[BlackElo "1492"]
[PlyCount "81"]
[EventDate "2013.07.13"]
[EventType "swiss"]
[EventRounds "9"]
[EventCountry "ESP"]
[SourceTitle "Ajedrez en Madrid"]
[Source "lmi"]
[SourceDate "2013.07.13"]
[SourceVersion "1"]
[SourceVersionDate "2019.06.21"]
[SourceQuality "1"]

1. e4 e6 2. d4 d5 3. Nd2 c5 4. exd5 Qxd5 5. Ngf3 cxd4 6. Nb3 Bb4+ 7. Bd2 Bxd2+
8. Qxd2 e5 9. O-O-O Nf6 10. Nxe5 Ne4 11. Qxd4 Qxd4 12. Rxd4 Nxf2 13. Bb5+ Nc6
14. Rf1 O-O 15. Nxc6 bxc6 16. Bxc6 Rb8 17. Rxf2 Rb6 18. Bd5 Be6 19. Bxe6 Rxe6
20. Nc5 Re1+ 21. Rd1 Rfe8 22. Rxe1 Rxe1+ 23. Kd2 Re5 24. Re2 Rd5+ 25. Kc1 g6
26. b4 a5 27. a3 axb4 28. axb4 Rd4 29. c3 Rc4 30. Kd2 Rf4 31. Ke3 Rf5 32. Kd4
Rf4+ 33. Kd5 Rf5+ 34. Kc4 Rh5 35. h3 f5 36. b5 Rh4+ 37. Kb3 Rf4 38. b6 Kf7 39.
b7 Rf1 40. b8=Q Rb1+ 41. Rb2 1-0

[Event "15. Obert Int. Sant Martí 2013 - B"]
[Site "Barcelona ESP"]
[Date "2013.07.13"]
[Round "1.60"]
[White "Quemades Schmid, Ricardo"]
[Black "Fuentes Barrientos, Carlos"]
[Result "0-1"]
[WhiteElo "1481"]
[BlackElo "1792"]
[PlyCount "68"]
[EventDate "2013.07.13"]
[EventType "swiss"]
[EventRounds "9"]
[EventCountry "ESP"]
[SourceTitle "Ajedrez en Madrid"]
[Source "lmi"]
[SourceDate "2013.07.13"]
[SourceVersion "1"]
[SourceVersionDate "2019.06.21"]
[SourceQuality "1"]

1. d4 Nf6 2. g4 d5 3. g5 Ne4 4. Nf3 e6 5. h4 c5 6. c3 Nc6 7. Be3 Qb6 8. Qb3 c4
9. Qc2 Be7 10. Nbd2 Nxd2 11. Qxd2 a5 12. Bf4 Bd7 13. Bg2 O-O-O 14. e3 Be8 15.
Ke2 f6 16. b3 Bh5 17. bxc4 dxc4 18. Rab1 Qa6 19. Bh3 Ne5 20. Bxe5 fxe5 21. Qb2
Rhf8 22. Bxe6+ Kb8 23. Rh3 e4 24. Kd2 Bxf3 25. Bxc4 Qc6 26. Be2 Rd7 27. Bb5 Qe6
28. Bxd7 Qxd7 29. Qb5 Qc7 30. h5 Bg2 31. Rg3 Rxf2+ 32. Ke1 Rxa2 33. Qe8+ Bd8
34. Qb5 Qxc3+ 0-1

[Event "15. Obert Int. Sant Martí 2013 - B"]
[Site "Barcelona ESP"]
[Date "2013.07.13"]
[Round "1.61"]
[White "Salazar Navas, Josep"]
[Black "Roig Martinez, Cristina"]
[Result "1-0"]
[WhiteElo "1789"]
[BlackElo "1476"]
[PlyCount "51"]
[EventDate "2013.07.13"]
[EventType "swiss"]
[EventRounds "9"]
[EventCountry "ESP"]
[SourceTitle "Ajedrez en Madrid"]
[Source "lmi"]
[SourceDate "2013.07.13"]
[SourceVersion "1"]
[SourceVersionDate "2019.06.21"]
[SourceQuality "1"]

1. e4 e5 2. d4 Nc6 3. Nf3 exd4 4. c3 Nf6 5. e5 Nd5 6. Qb3 Nb6 7. cxd4 d6 8. Bb5
Bd7 9. O-O Be7 10. exd6 Bxd6 11. Re1+ Be7 12. d5 Na5 13. Qb4 Nac4 14. Bxc4 O-O
15. Rxe7 Nxc4 16. Rxd7 Qxd7 17. Qxc4 Rac8 18. Nc3 Rfe8 19. Be3 a6 20. Rc1 c6
21. Qa4 b5 22. Qxa6 b4 23. Na4 Qxd5 24. Nb6 Qe6 25. Nd4 Qd6 26. Nxc8 1-0

[Event "15. Obert Int. Sant Martí 2013 - B"]
[Site "Barcelona ESP"]
[Date "2013.07.13"]
[Round "1.62"]
[White "Llopis Jordan, Lluis"]
[Black "Sogues Tena, Pilar"]
[Result "1-0"]
[WhiteElo "1786"]
[BlackElo "1455"]
[PlyCount "101"]
[EventDate "2013.07.13"]
[EventType "swiss"]
[EventRounds "9"]
[EventCountry "ESP"]
[SourceTitle "Ajedrez en Madrid"]
[Source "lmi"]
[SourceDate "2013.07.13"]
[SourceVersion "1"]
[SourceVersionDate "2019.06.21"]
[SourceQuality "1"]

1. d4 Nf6 2. c4 d6 3. Nc3 g6 4. Bg5 Bg7 5. e3 c6 6. Nf3 Bg4 7. h3 Bxf3 8. Qxf3
Qa5 9. Bf4 Nbd7 10. O-O-O O-O 11. g4 e5 12. Bg3 Rae8 13. Kb1 e4 14. Qg2 d5 15.
Bd6 b5 16. cxd5 Nxd5 17. Nxd5 cxd5 18. Rc1 Rc8 19. Bxf8 Rxc1+ 20. Kxc1 Bxf8 21.
Be2 a6 22. Kb1 Qb4 23. Qf1 Nb6 24. Qe1 Qe7 25. Qa5 Qb7 26. Rc1 Be7 27. b3 Kg7
28. Qc3 Ba3 29. Rc2 b4 30. Qc7 Qxc7 31. Rxc7 a5 32. Bb5 Kf8 33. Rb7 Nc4 34.
bxc4 h5 35. c5 hxg4 36. hxg4 b3 37. axb3 Bb4 38. c6 Be1 39. c7 Bxf2 40. c8=Q+
Kg7 41. Qe6 Bxe3 42. Qxf7+ Kh6 43. Rb6 Kg5 44. Rxg6+ Kh4 45. Qf6+ Kg3 46. Qe5+
Bf4 47. Qxd5 e3 48. Be2 Kf2 49. Qf3+ Ke1 50. Kc2 a4 51. Qf1# 1-0

[Event "15. Obert Int. Sant Martí 2013 - B"]
[Site "Barcelona ESP"]
[Date "2013.07.13"]
[Round "1.63"]
[White "Navarro Pastor, Raul"]
[Black "Perez Cuadrado, Eduardo"]
[Result "0-1"]
[WhiteElo "1448"]
[BlackElo "1783"]
[PlyCount "84"]
[EventDate "2013.07.13"]
[EventType "swiss"]
[EventRounds "9"]
[EventCountry "ESP"]
[SourceTitle "Ajedrez en Madrid"]
[Source "lmi"]
[SourceDate "2013.07.13"]
[SourceVersion "1"]
[SourceVersionDate "2019.06.21"]
[SourceQuality "1"]

1. e4 e5 2. Nf3 Nc6 3. Bc4 Bc5 4. b4 Bxb4 5. c3 Ba5 6. d4 exd4 7. O-O d6 8.
cxd4 Nf6 9. Qb3 O-O 10. Bg5 h6 11. Bh4 Qe7 12. Bd3 Bb6 13. Qa4 Bd7 14. Qc4 Bg4
15. Nbd2 g5 16. Bg3 Nh5 17. h3 Nxg3 18. fxg3 Bh5 19. Kh2 Bg6 20. Rae1 Qd7 21.
Nb3 Rfe8 22. Nfd2 Rad8 23. d5 Ne5 24. Qc2 Kg7 25. Nf3 Nxd3 26. Qxd3 g4 27. Qc3+
Kg8 28. Nfd2 gxh3 29. gxh3 Re7 30. Qf6 Rde8 31. Qf4 Kh7 32. g4 Qa4 33. h4 h5
34. Qg5 Re5 35. Qf4 hxg4 36. Qxg4 Qxa2 37. Kh1 Rg8 38. Qd7 Rh5 39. Rxf7+ Kh6
40. Qe6 Rxh4+ 41. Kg2 Kh5 42. Rf3 Bf7+ 0-1

[Event "15. Obert Int. Sant Martí 2013 - B"]
[Site "Barcelona ESP"]
[Date "2013.07.13"]
[Round "1.64"]
[White "Monteagudo Aguilera, Maximo"]
[Black "Rodriguez Monago, Juan Antonio"]
[Result "1-0"]
[WhiteElo "1779"]
[BlackElo "1445"]
[PlyCount "69"]
[EventDate "2013.07.13"]
[EventType "swiss"]
[EventRounds "9"]
[EventCountry "ESP"]
[SourceTitle "Ajedrez en Madrid"]
[Source "lmi"]
[SourceDate "2013.07.13"]
[SourceVersion "1"]
[SourceVersionDate "2019.06.21"]
[SourceQuality "1"]

1. e4 c6 2. d4 d5 3. Nc3 dxe4 4. Nxe4 Bf5 5. Ng3 Bg6 6. h4 h6 7. Nf3 Nd7 8. Bd3
Bxd3 9. Qxd3 Ngf6 10. O-O e6 11. Re1 Bd6 12. Ne5 O-O 13. Bd2 Qc7 14. Bc3 Nd5
15. Nxd7 Qxd7 16. Bd2 Qe7 17. Ne4 Bb4 18. c3 Ba5 19. g3 Rac8 20. Rad1 Bc7 21.
Kg2 Nf6 22. f4 Nxe4 23. Rxe4 Qd7 24. Qe2 Rfe8 25. Kh2 Bb8 26. Bc1 a6 27. Re1
Qd5 28. b3 Rf8 29. Ba3 Rfd8 30. c4 Qa5 31. Bc1 b5 32. a3 Qc7 33. Bb2 Rd7 34.
Qf3 Ba7 35. f5 1-0

[Event "15. Obert Int. Sant Martí 2013 - B"]
[Site "Barcelona ESP"]
[Date "2013.07.13"]
[Round "1.65"]
[White "Mir Bellmunt, Jose"]
[Black "Gonzalez Edo, David"]
[Result "0-1"]
[WhiteElo "1442"]
[BlackElo "1777"]
[PlyCount "60"]
[EventDate "2013.07.13"]
[EventType "swiss"]
[EventRounds "9"]
[EventCountry "ESP"]
[SourceTitle "Ajedrez en Madrid"]
[Source "lmi"]
[SourceDate "2013.07.13"]
[SourceVersion "1"]
[SourceVersionDate "2019.06.21"]
[SourceQuality "1"]

1. e4 c5 2. Nf3 g6 3. d4 cxd4 4. Nxd4 Bg7 5. Nc3 Nc6 6. Nxc6 bxc6 7. Bd2 Nf6 8.
Bd3 O-O 9. O-O d6 10. Re1 Bd7 11. Qc1 Rb8 12. Rb1 Be6 13. Bh6 Qa5 14. Bxg7 Kxg7
15. b3 Qxc3 16. Qe3 Qa5 17. a4 Ng4 18. Qg3 Ne5 19. Be2 Qc5 20. c3 Rxb3 21. Rxb3
Bxb3 22. Rb1 Bxa4 23. Rb7 Bb5 24. Bxb5 cxb5 25. Rxe7 b4 26. h4 bxc3 27. Qg5 c2
28. Qc1 Nd3 29. Qa1+ Kg8 30. Rxa7 c1=Q+ 0-1

[Event "15. Obert Int. Sant Martí 2013 - B"]
[Site "Barcelona ESP"]
[Date "2013.07.13"]
[Round "1.66"]
[White "Hernando Rodrigo, Lourdes"]
[Black "Catala Morales, Joaquim"]
[Result "1-0"]
[WhiteElo "1777"]
[BlackElo "1413"]
[PlyCount "90"]
[EventDate "2013.07.13"]
[EventType "swiss"]
[EventRounds "9"]
[EventCountry "ESP"]
[SourceTitle "Ajedrez en Madrid"]
[Source "lmi"]
[SourceDate "2013.07.13"]
[SourceVersion "1"]
[SourceVersionDate "2019.06.21"]
[SourceQuality "1"]

1. d4 e6 2. Nf3 d5 3. Nbd2 Nf6 4. e3 c5 5. c3 a6 6. Bd3 Nc6 7. O-O Qc7 8. Re1
Bd6 9. dxc5 Bxc5 10. b4 Bd6 11. e4 Ne5 12. Nxe5 Bxe5 13. Bb2 Bxc3 14. Rc1 d4
15. e5 Nd5 16. Ne4 Nxb4 17. Nd6+ Ke7 18. Ba3 a5 19. Nb5 Qd7 20. Nxc3 dxc3 21.
Rxc3 Rd8 22. Qc1 Ke8 23. Be4 Ra6 24. Bxb4 axb4 25. Rc7 Qd2 26. Rxc8 Qxc1 27.
Rexc1 Rxa2 28. Rxd8+ Kxd8 29. Kf1 b6 30. Rb1 h6 31. Rxb4 Kc7 32. Rc4+ Kb8 33.
Rc6 Ra1+ 34. Ke2 Ra2+ 35. Rc2 Ra5 36. f4 Ka7 37. Rc7+ Ka6 38. Rxf7 Ra2+ 39. Kf3
g5 40. Rf6 g4+ 41. Kxg4 Rb2 42. Rxe6 Ka5 43. Rxh6 b5 44. e6 b4 45. e7 b3 1-0

[Event "15. Obert Int. Sant Martí 2013 - B"]
[Site "Barcelona ESP"]
[Date "2013.07.13"]
[Round "1.67"]
[White "Tateo, Ida"]
[Black "Garrido Prats, Diego"]
[Result "0-1"]
[WhiteElo "1387"]
[BlackElo "1776"]
[PlyCount "64"]
[EventDate "2013.07.13"]
[EventType "swiss"]
[EventRounds "9"]
[EventCountry "ESP"]
[SourceTitle "Ajedrez en Madrid"]
[Source "lmi"]
[SourceDate "2013.07.13"]
[SourceVersion "1"]
[SourceVersionDate "2019.06.21"]
[SourceQuality "1"]

1. e4 c5 2. Nf3 d6 3. d4 cxd4 4. Nxd4 Nf6 5. Nc3 a6 6. f4 e6 7. Qf3 Be7 8. Bd3
Nbd7 9. Qg3 Qb6 10. Nb3 Nc5 11. Nxc5 Qxc5 12. Be3 Qh5 13. Be2 Qg6 14. Qxg6 hxg6
15. O-O-O b5 16. a3 Bb7 17. Bf3 Nd7 18. Rdg1 Bc6 19. Kb1 Rc8 20. Bf2 a5 21. b4
axb4 22. axb4 Nf6 23. e5 Bxf3 24. gxf3 Rxc3 25. exf6 Bxf6 26. Rd1 Rxf3 27. Bd4
Ke7 28. Bxf6+ gxf6 29. Rd4 Rh4 30. Rhd1 d5 31. Kb2 Rfxf4 32. c4 Rxd4 0-1

[Event "15. Obert Int. Sant Martí 2013 - B"]
[Site "Barcelona ESP"]
[Date "2013.07.13"]
[Round "1.68"]
[White "Alquezar Calpena, Marc"]
[Black "Antequera Garcia, Luis"]
[Result "1-0"]
[WhiteElo "1775"]
[BlackElo "1310"]
[PlyCount "27"]
[EventDate "2013.07.13"]
[EventType "swiss"]
[EventRounds "9"]
[EventCountry "ESP"]
[SourceTitle "Ajedrez en Madrid"]
[Source "lmi"]
[SourceDate "2013.07.13"]
[SourceVersion "1"]
[SourceVersionDate "2019.06.21"]
[SourceQuality "1"]

1. e4 e5 2. Nf3 Nc6 3. Bb5 Bc5 4. O-O Nf6 5. c3 Nxe4 6. Bxc6 bxc6 7. Nxe5 O-O
8. d4 Bd6 9. Qf3 Ng5 10. Qg4 Be7 11. Qe2 d5 12. Nxc6 Qd6 13. Nxe7+ Kh8 14. Nxc8
1-0